00558cam a22001933a 45000010005000000030006000050050017000110080041000280400015000690420007000840500007000912450096000982600029001945060030002235160020002536530022002738300028002958560041003238368PGUSA20140828083155.0050601s2005||||xxu|||||s|||||000 | eng d aPGUSAbeng adc 4aBS14aThe Bible, Douay-Rheims, Book 68 :b2 Peter : The Challoner Revisionh[electronic resource] bProject Gutenberg,c2005 aPublic domain in the USA. aElectronic text aBible. Peter, 2nd 0aProject Gutenbergv836840uhttp://www.gutenberg.org/ebooks/8368